logo

Bir Sreshtho Munshi Abdur Rouf Library
Jhenaidah Cadet College

Functional mathematics (Record no. 8495)

MARC details
000 -LEADER
fixed length control field 00675cam a22002531 4500
001 - CONTROL NUMBER
JCCL Control Number 8495
003 - CONTROL NUMBER IDENTIFIER
JCCL marc code BD-JhCC
005 - DATE AND TIME OF LATEST TRANSACTION
control field 20180923104454.0
008 - FIXED-LENGTH DATA ELEMENTS--GENERAL INFORMATION
fixed length control field 810616m19579999nyu 000 0 eng
035 ## - SYSTEM CONTROL NUMBER
system control number (BD-JhCC)8495
035 ## - SYSTEM CONTROL NUMBER
system control number (OCoLC)7504835
040 ## - CATALOGING SOURCE
Original cataloging agency DLC
Transcribing agency OU
Modifying agency DLC
041 ## - LANGUAGE CODE
Language code of Book eng
050 00 - LIBRARY OF CONGRESS CALL NUMBER
Classification number QA39
Item number .G252
082 ## - DEWEY DECIMAL CLASSIFICATION NUMBER
Classification number 510
Author mark and Year GAG 1953
100 1# - MAIN ENTRY--PERSONAL NAME
Personal name Gager, William A.
Fuller form of name (William Atkins)
245 10 - TITLE STATEMENT
Title Functional mathematics
Statement of responsibility, etc [by] William A. Gager [and others]
260 ## - PUBLICATION, DISTRIBUTION, ETC. (IMPRINT)
Place of publication, distribution, etc New York,
Name of publisher, distributor, etc Scribner
Date of publication, distribution, etc 1957-
300 ## - PHYSICAL DESCRIPTION
Pagination 434 p. :
Other physical details illus.
Dimensions 24 cm.
490 0# - SERIES STATEMENT
Series statement Functional mathematics series.
650 #0 - SUBJECT ADDED ENTRY--TOPICAL TERM
Topical term or geographic name as entry element Mathematics.
942 ## - ADDED ENTRY ELEMENTS (KOHA)
Source of classification or shelving scheme Dewey Decimal Classification
Koha item type Books
Holdings
Source of classification or shelving scheme Damaged status Not for loan Home library Current library Shelving location Date of accession Total Checkouts Full call number Barcode Date last seen Copy number Koha item type
Dewey Decimal Classification     JCC Rouf Library JCC Rouf Library General Stacks 02/26/2018   510 GAG 1953 11226 02/26/2018 C-1 Books

JCC Library | Contacts | JCC Home

Last Update on 23 September 2017
Copyright @ 2017-2020 JCC Rouf Library
Rouf Library, Jhenidah Cadet College (JCC), Bangladesh